| 000 | 00311nam a2200097Ia 4500 | ||
|---|---|---|---|
| 005 | 20251222114352.0 | ||
| 008 | 251222s1900||||xx |||||||||||||| ||spa|| | ||
| 082 | _aDVD0096/M12/2010 | ||
| 245 | 0 | _aEstiramientos facilitados: estiramientos y fortalecimientos con facilitación neuromuscular propioceptiva: | |
| 942 | _cDVD | ||
| 999 |
_c1291 _d1291 |
||